| 000 | 00848nam a2200217Ia 4500 | ||
|---|---|---|---|
| 003 | Ost | ||
| 005 | 20260507075636.0 | ||
| 008 | 260507s9999||||xx |||||||||||||| ||und|| | ||
| 040 | _cfsecg | ||
| 041 | _aara | ||
| 082 | _a368.14 | ||
| 100 |
_aطه، مصطفى كمال _eمؤلف |
||
| 245 | 0 |
_aالتأمين البحري / _c مصطفى كمال طه |
|
| 260 |
_aالإسكندرية: _bدار الفكر الجامعي, _c2005 |
||
| 300 |
_a306 صفحة؛ _bإيضاحات ؛ _c24 سم |
||
| 520 | _aعقد التأمين البحري- الأموال المؤمن عليها- المخاطر المؤمن عنها- التزمات المستأمن- التزمات المؤمن | ||
| 653 | _aالتأمين البحري | ||
| 653 | _aالتأمينات | ||
| 700 |
_aبندق، وائل أنور _eمؤلف ثانوي |
||
| 942 | _cكتاب | ||
| 999 |
_c45305 _d45305 |
||